Theologia Moralis: theorico-practica

Αποθηκεύτηκε σε:
Λεπτομέρειες βιβλιογραφικής εγγραφής
Κύριος συγγραφέας: Berardi, Aemilio (Συγγραφέας)
Μορφή: Βιβλίο
Γλώσσα:Λατινικά
Έκδοση: Florencia Novelli et Castellani 1905
Έκδοση:1a. ed
Θέματα:
Ετικέτες: Προσθήκη ετικέτας
Δεν υπάρχουν, Καταχωρήστε ετικέτα πρώτοι!

MARC

LEADER 00000cam a2200000 a 4500
001 UCD2279
003 CL-VaPUC
008 160421e19050000it |||||||||||||||||lat|d
082 0 4 |a 241  |b BER  |2 21 
100 |a Berardi, Aemilio  |e author  |9 586719 
245 1 0 |a Theologia Moralis: theorico-practica 
250 |a 1a. ed 
300 |a v 
942 |c BK 
945 |d 20160421 23:07:00  |a dcastane 
260 |a Florencia  |b Novelli et Castellani  |c 1905 
650 0 |a Teología moral   |9 256617 
650 7 |a TEOLOGIA PRACTICA  |2 CL-VaPUC  |9 493092 
583 |a last modification  |c 20160421 23:07:00  |k Rodrigo Vera 
999 |c 363442  |d 363440 
952 |0 0  |1 0  |3 erd  |4 0  |6 241_000000000000000_BER_1905  |7 0  |8 X  |9 475787  |a BIBTEO  |b BIBTEO  |c TEO_FFR  |h v.1  |i 5225485  |o 241 BER 1905  |p 5225485  |r 2024-01-18  |w 2019-11-24  |y BK_X  |z Catalogado en:20160421  |k OFM 
952 |0 0  |1 0  |3 erd  |4 0  |6 241_000000000000000_BER_1905  |7 0  |8 X  |9 475788  |a BIBTEO  |b BIBTEO  |c TEO_FFR  |h v.2  |i 5225477  |o 241 BER 1905  |p 5225477  |r 2024-01-18  |w 2019-11-24  |y BK_X  |z Catalogado en:20160421  |k OFM 
952 |0 0  |1 0  |3 erd  |4 0  |6 241_000000000000000_BER_1905  |7 0  |8 X  |9 475789  |a BIBTEO  |b BIBTEO  |c TEO_FFR  |h v.3  |i 5225426  |o 241 BER 1905  |p 5225426  |r 2024-01-18  |w 2019-11-24  |y BK_X  |z Catalogado en:20160421  |k OFM 
952 |0 0  |1 0  |3 erd  |4 0  |6 241_000000000000000_BER_1905  |7 0  |8 X  |9 475790  |a BIBTEO  |b BIBTEO  |c TEO_FFR  |h v.4  |i 5225434  |o 241 BER 1905  |p 5225434  |r 2024-01-18  |w 2019-11-24  |y BK_X  |z Catalogado en:20160421  |k OFM 
952 |0 0  |1 0  |3 erd  |4 0  |6 241_000000000000000_BER_1905  |7 0  |8 X  |9 475791  |a BIBTEO  |b BIBTEO  |c TEO_FFR  |h v.5  |i 5225442  |o 241 BER 1905  |p 5225442  |r 2024-01-18  |w 2019-11-24  |y BK_X  |z Catalogado en:20160421  |k OFM